| 000 | 00872cam a22002897a 4500 | ||
|---|---|---|---|
| 003 | CHAP | ||
| 005 | 20220329140528.0 | ||
| 008 | 971013s1959 r 00010 d | ||
| 010 | _a53388 | ||
| 011 | _a54360 | ||
| 035 | _a58511 | ||
| 040 | _cCHAP | ||
| 082 |
_a636.2 _bR69 |
||
| 100 | 0 | 0 |
_aRoy, James Henry Barston. _9100369 |
| 245 | 1 | 4 |
_aThe calf _b: its management, feeding and health |
| 250 | _a2 ed. | ||
| 260 |
_aLondon : _bFarmer & Stock, _c1959 |
||
| 300 |
_a126 p. _b: ilus. |
||
| 590 |
_aBATCH-UPD _b10 _c20130110 _lUCH01 _h1802 |
||
| 590 |
_aCONVERSION _b10 _c20130109 _lUCH01 _h1329 |
||
| 650 | 1 | 4 |
_aBecerros. _911171 |
| 901 | _aBK | ||
| 942 | _cLIBRO | ||
| 949 |
_a636.2 R69 _bBC _cBPA _d-126972 _eBPA _h24526 _i58511 _si |
||
| 949 |
_a636.2 R69 _bBC _cBPA _d-126973 _eBPA _fc.2 _h24527 _i58511 _si |
||
| 949 |
_a636.2 R69 _bBC _cBPA _d-126974 _eBPA _fc.3 _h24528 _i58511 _si |
||
| 999 |
_c53388 _d53388 |
||